| 000 | 00853nam a2200205 a 4500 | ||
|---|---|---|---|
| 008 | 120416s1980 ||||||||||||||||| || u | ||
| 020 | _a0070669619 | ||
| 050 | _aQP 34.5 Van | ||
| 100 | _aVander, Arthur J | ||
| 245 | 1 | 0 | _aHuman physiology: the mechanisms of body function. (3rd edition) |
| 250 | _a3rd ed. | ||
| 260 |
_aNew York: _bMcGraw-Hill _c1980 |
||
| 300 | _ax, 724 pages : illustrations | ||
| 350 | _a0.00 | ||
| 650 | _aPHYSIOLOGY | ||
| 650 | 0 | _aHUMAN PHYSIOLOGY | |
| 700 | _aLuciano, Dorothy S | ||
| 995 |
_aMEDICAL LIBRARY OPEN ACCESS _e903064 _FCBU-SCHOOL OF MEDICINE LIBRARY (Ndola) _I0.00 _jQP 34.5 Van _M2 _UAVAILABLE _WSep 7, 2015 _y903064 _ZMedical Library Open Access Collection |
||
| 995 |
_aMAIN LIBRARY OPEN ACCESS _D0.00 _e015088 _FCBU-MAIN LIBRARY (Kitwe) _H1 _I11.95 _jQP 34.5 Van _UAVAILABLE _y015088 _ZMain Library Open Access Collection |
||
| 999 |
_c76232 _d76232 |
||